00422nam a2200121Ia 45000010005000000080041000050820028000461000054000742450107001282600024002359010026002599990015002854394241024s9999 xx 000 0 und d aRD/344.07/R426r/28-2014 aRepública Dominicana. Ministerio de Educación 0aResolución No. 29-2014, sobre la declaración de urgencia para la contratación de compañías y bSanto Domingoc2014 a7/9/2016 8:41:22 a.m. c9561d9561